000 00707nam a2200241Ia 4500
003 OSt
005 20220926024457.0
006 a|||||r|||| 00| 0
007 ta
008 220923b |||||||| |||| 00| 0 eng d
020 _a0854967982
037 _cGeneral Book
040 _aRTL
_cRTL
_beng
041 _2eng
_aeng
082 _aY:3(NR).3124.N9, N3
100 _aCohen Abner
245 0 _aMasquerade politics
_b Explorations in the structure of urban culture movments
260 _aOxford
_bBerg Publishers
_c1993
300 _ax, 166p
_ccm.
500 _aBibliography: P 156-60
942 _hY:3(NR).3124.N9, N3
_cGB
_2CC
999 _c644396
_d644396